Ḥadīth Muslim. (Record no. 85234)

MARC details
000 -LEADER
fixed length control field 00593cam a22002291 4500
001 - CONTROL NUMBER
control field sa 68013643
003 - CONTROL NUMBER IDENTIFIER
control field DLC
005 - DATE AND TIME OF LATEST TRANSACTION
control field 20260227112623.0
008 - FIXED-LENGTH DATA ELEMENTS--GENERAL INFORMATION
fixed length control field 890514r1962uuuuio 000 0 dut
010 ## - LIBRARY OF CONGRESS CONTROL NUMBER
LC control number sa 68013643
035 ## - SYSTEM CONTROL NUMBER
System control number (OCoLC)23396685
040 ## - CATALOGING SOURCE
Original cataloging agency DLC
Transcribing agency MiU
Modifying agency DLC
042 ## - AUTHENTICATION CODE
Authentication code premarc
050 00 - LIBRARY OF CONGRESS CALL NUMBER
Classification number PB135.A144
Item number I5
100 0# - MAIN ENTRY--PERSONAL NAME
Personal name Muslim ibn al-Ḥajjāj al-Qushayrī,
Dates associated with a name approximately 821-875.
245 10 - TITLE STATEMENT
Title Ḥadīth Muslim.
250 ## - EDITION STATEMENT
Edition statement Tjet. 4.
260 ## - PUBLICATION, DISTRIBUTION, ETC.
Place of publication, distribution, etc. Jogjakarta,
Name of publisher, distributor, etc. Penjiaran Islam,
Date of publication, distribution, etc. 1962-
300 ## - PHYSICAL DESCRIPTION
Extent 1 v.
Dimensions 25 cm.
500 ## - GENERAL NOTE
General note Romanized.
650 #0 - SUBJECT ADDED ENTRY--TOPICAL TERM
Topical term or geographic name entry element Hadith

No items available.

Powered by Koha